Investigation of the physical properties of tyransition metal "123" superconducting compounds / (رقم التسجيلة. 179670)

تفاصيل مارك
000 -LEADER
fixed length control field 01387namaa22003251i 4500
005 - أخر تعامل مع التسجيلة
control field 20260422120838.0
008 - FIXED-LENGTH DATA ELEMENTS--GENERAL INFORMATION
fixed length control field 260422s1994 ua a|||frm||| 000 0 eng d
040 ## - CATALOGING SOURCE
Original cataloguing agency EG-GICUC
Language of cataloging eng
Transcribing agency EG-GICUC
Modifying agency EG-GICUC
Description conventions rda
041 0# - LANGUAGE CODE
Language code of text/sound track or separate title eng
Language code of summary or abstract eng
-- ara
049 ## - Acquisition Source
Acquisition Source Deposit
097 ## - Degree
Degree Ph.D
099 ## - LOCAL FREE-TEXT CALL NUMBER (OCLC)
Local Call Number Cai01.12.20.Ph.D.1994.Sa.I
100 0# - MAIN ENTRY--PERSONAL NAME
Authority record control number or standard number Samy Shaaban Ata-Allah Soliman,
Preparation preparation.
245 10 - TITLE STATEMENT
Title Investigation of the physical properties of tyransition metal "123" superconducting compounds /
Statement of responsibility, etc. By Samy Shaaban Ata-Allah Soliman ; Supervised Prof. M.F. Mostafa, Prof. M.K. El Nimr, Prof. M.K. Fayek
246 15 - VARYING FORM OF TITLE
Title proper/short title فحص الخواص الفيزيائية لمركبات العناصر الانتقالية 321 فائقة التوصيل
264 #0 - PRODUCTION, PUBLICATION, DISTRIBUTION, MANUFACTURE, AND COPYRIGHT NOTICE
Date of production, publication, distribution, manufacture, or copyright notice 1994.
300 ## - PHYSICAL DESCRIPTION
Extent 172 Leaves
Other physical details illustrations
Dimensions 30 cm. +
336 ## - CONTENT TYPE
Source rda content
Content type term text
337 ## - MEDIA TYPE
Source rdamedia
Media type term Unmediated
338 ## - CARRIER TYPE
Source rdacarrier
Carrier type term volume
502 ## - DISSERTATION NOTE
Dissertation note Thesis (Ph.D)-Cairo University, 1994.
504 ## - BIBLIOGRAPHY, ETC. NOTE
Bibliography, etc. note Bibliography: pages 157-172
653 #0 - INDEX TERM--UNCONTROLLED
Uncontrolled term tyransition metal "123" superconducting compounds
700 0# - ADDED ENTRY--PERSONAL NAME
Personal name M.F. Mostafa
Relator term thesis advisor.
700 0# - ADDED ENTRY--PERSONAL NAME
Personal name M.K. El Nimr
Relator term thesis advisor.
700 0# - ADDED ENTRY--PERSONAL NAME
Personal name M.K. Fayek
Relator term thesis advisor.
900 ## - Thesis Information
Department Department of Physics
Faculties Faculty of Science
Universities Cairo University
Grant date 1994
Supervisory body M.F. Mostafa
-- M.K. El Nimr
-- M.K. Fayek
905 ## - Cataloger and Reviser Names
Cataloger Name Nehad
942 ## - ADDED ENTRY ELEMENTS (KOHA)
Source of classification or shelving scheme Dewey Decimal Classification
Koha item type Thesis
Edition 21
Suppress in OPAC No
المقتنيات
Source of classification or shelving scheme Home library Current library Date acquired Inventory number Full call number Barcode Date last seen Effective from Koha item type
Dewey Decimal Classification المكتبة المركزبة الجديدة - جامعة القاهرة مكتبة المئوية 22.04.2026 26108 Cai01.12.20.Ph.D.1994.Sa.I 01010110026108000 22.04.2026 22.04.2026 Thesis
Cairo University Libraries Portal Implemented & Customized by: Eng. M. Mohamady Contacts: new-lib@cl.cu.edu.eg | cnul@cl.cu.edu.eg
CUCL logo CNUL logo
© All rights reserved — Cairo University Libraries
CUCL logo
Implemented & Customized by: Eng. M. Mohamady Contact: new-lib@cl.cu.edu.eg © All rights reserved — New Central Library
CNUL logo
Implemented & Customized by: Eng. M. Mohamady Contact: cnul@cl.cu.edu.eg © All rights reserved — Cairo National University Library